Normal view
MARC view
- Hassan Ahmed Saad Javed Muhammad Abdullah Usama Abrar
Entry Personal Name
001 - CONTROL NUMBER
- control field: 85501
003 - CONTROL NUMBER IDENTIFIER
- control field: NUST
005 - DATE AND TIME OF LATEST TRANSACTION
- control field: 20211202162047.0
008 - FIXED-LENGTH DATA ELEMENTS
- fixed length control field: 211202|| aca||aabn | a|a d
040 ## - CATALOGING SOURCE
- Original cataloging agency: NUST
- Transcribing agency: NUST
100 ## - HEADING--PERSONAL NAME
- Personal name: Hassan Ahmed Saad Javed Muhammad Abdullah Usama Abrar
670 ## - SOURCE DATA FOUND
- Source citation: Work cat.: (NUST): Hassan Ahmed Saad Javed Muhammad Abdullah Usama Abrar , PR-SOF-2028-Design and Manufacturing Of 2 Dof L Joint Actuator Using Harmonic Drive, 2021.
